F1 Most DNF's 2018 - Statistics

General Stats
  • This quiz has been taken 95 times
  • The average score is 5 of 5
Answer Stats
Hint Answer % Correct
Fernando Alonso McLaren
100%
Daniel Ricciardo Red Bull
99%
Nico Hulkenberg Renault
96%
Pierre Gasly Toro Rosso
96%
Charles Leclerc Alfa-Romeo Sauber
95%
No matching quizzes found
Score Distribution
Percent of People with Each Score
Percentile by Number Answered
Your Score History
You have not taken this quiz